Fisiología de las sustancias liquínicas / (Registro nro. 142910)

Detalles MARC
000 -LEADER
campo de control de longitud fija 00553nam a2200193 i 4500
001 - NÚMERO DE CONTROL
campo de control 142910
003 - IDENTIFICADOR DE NÚMERO DE CONTROL
campo de control ES-MaACL
007 - CAMPO FIJO DE DESCRIPCIÓN FÍSICA--INFORMACIÓN GENERAL
campo de control de longitud fija t|
008 - DATOS DE LONGITUD FIJA--INFORMACIÓN GENERAL
campo de control de longitud fija 071010s1975 sp ||||1| spa d
100 1# - ENTRADA PRINCIPAL--NOMBRE DE PERSONA
Nombre de persona Vicente Córdoba, Carlos.
9 (RLIN) 114353
245 10 - MENCIÓN DEL TÍTULO
Título Fisiología de las sustancias liquínicas /
Mención de responsabilidad, etc. Carlos Vicente Córdoba.
250 ## - MENCION DE EDICION
Mención de edición [1ª ed.].
260 ## - PUBLICACIÓN, DISTRIBUCIÓN, ETC.
Lugar de publicación, distribución, etc. [Madrid] :
Nombre del editor, distribuidor, etc. Alhambra,
Fecha de publicación, distribución, etc. [1975]
300 ## - DESCRIPCIÓN FÍSICA
Extensión VIII, 162 p. :
Otras características físicas il. ;
Dimensiones 20 cm.
490 1# - MENCIÓN DE SERIE
Mención de serie Exedra
830 0# - PUNTO DE ACCESO ADICIONAL DE SERIE-TÍTULO UNIFORME
Título uniforme Exedra
9 (RLIN) 177436
852 ## - LOCALIZACIÓN
Ubicación ES-MaACL
Número de control de estantería E-8750
Sublocalización o colección R.93167
Existencias
Estatus retirado Estado de pérdida Estado de daño No para préstamo Biblioteca de origen Biblioteca actual Ubicación en estantería Fecha de adquisición Fuente de adquisición Total de préstamos Signatura topográfica completa Código de barras Visto por última vez Precio de reemplazo Tipo de ítem Koha
        Biblioteca del Ateneo de Madrid Biblioteca del Ateneo de Madrid Depósito 2 17/01/2008     E-8750 1148692 23/02/2023 23/02/2023 Libro impreso